[Event "Natal op"]
[Site "Natal"]
[Date "2013.09.06"]
[Round "2"]
[White "Oliveira, Gabriel Betanio"]
[Black "Da Silva, Emily Tainara"]
[Result "1-0"]
[WhiteElo "1825"]
[BlackElo "1800"]
[PlyCount "39"]
[EventDate "2013.09.06"]
[EventType "swiss"]
[EventRounds "6"]
[EventCountry "BRA"]
[SourceTitle "EXT 2016"]
[Source "ChessBase"]
[SourceDate "2015.10.08"]
[SourceVersion "1"]
[SourceVersionDate "2015.10.08"]
[SourceQuality "1"]

1. e4 e5 2. Nf3 Nc6 3. Bb5 Bd6 4. Nc3 Nge7 5. d3 0-0 6. 0-0 Bb4 7. Bd2 Bxc3 8. Bxc3 d6 9. d4 Bg4 10. dxe5 Bxf3 11. Qxf3 dxe5 12. Rad1 Qe8 13. Qg3 a6 14. Ba4 b5 15. Bb3 a5 16. a3 b4 17. axb4 axb4 18. Bxe5 Nxe5 19. Qxe5 Qb8 20. Qxe7 1-0